Island of Maui /

Bibliographic Details
Format: Map
Language:English
Published: [Honolulu, Hawaii] : Hawaii Tourist Bureau, [1943?]
Subjects:

MARC

Tag First Indicator Second Indicator Subfields
LEADER 00000cem a2200000Ii 4500
001 in00003532011
005 20151105195118.0
007 aj canzn
008 150512s1943 hiudg a 0 eng d
034 1 |a a  |b 206326 
035 |a (OCoLC)ocn908765505 
035 |a (OCoLC)908765505 
040 |a TXA  |b eng  |e rda  |c TXA  |d UtOrBLW 
043 |a n-us-hi 
049 |a TXAM 
050 4 |a G4382.M3E635 1939  |b .H3 
052 |a 4382  |b M3 
110 2 |a Hawaii Tourist Bureau,  |e issuing body. 
245 1 0 |a Island of Maui /  |c issued by Hawaii Tourist Bureau. 
246 1 |i Panel title:  |a Maui :  |b valley island of the Hawaiian group 
255 |a Scale approximately 1:206,326 
264 1 |a [Honolulu, Hawaii] :  |b Hawaii Tourist Bureau,  |c [1943?] 
264 3 |a Honolulu, Hawaii :  |b Honolulu Star-Bulletin. 
300 |a 1 map :  |b color ;  |c on sheet 42 x 54 cm, folded to 22 x 14 cm 
336 |a cartographic image  |b cri  |2 rdacontent 
337 |a unmediated  |b n  |2 rdamedia 
338 |a sheet  |b nb  |2 rdacarrier 
500 |a Relief shown by hachures and spot heights. 
500 |a Includes location map. 
500 |a Includes distance chart, tourist information. 
500 |a Descriptive text, and illustrations on verso. 
651 0 |a Maui (Hawaii)  |v Maps. 
651 7 |a Hawaii  |z Maui.  |2 fast  |0 (OCoLC)fst01239574 
655 7 |a Tourist maps.  |2 lcgft 
655 7 |a Maps.  |2 fast  |0 (OCoLC)fst01423704 
994 |a C0  |b TXA 
948 |a cataloged  |b h  |c 2015/5/12  |d c  |e nbehmer  |f 11:17:27 am 
999 |a MARS 
999 f f |s edcea0e7-985d-3187-af37-5c7a2498e884  |i 142653b5-aa97-319d-bb5d-314f4b021b96  |t 0 
952 f f |p normal  |a Texas A&M University  |b College Station  |c Sterling C. Evans Library  |d Evans: Maps (2nd floor)  |t 0  |e G4382.M3E635 1939 .H3  |h Library of Congress classification  |i unmediated -- sheet  |m A14832547742 
998 f f |a G4382.M3E635 1939 .H3  |t 0  |l Evans: Maps (2nd floor)